000 00917nam a2200289 4500
003 EG-GICUC
005 20260402123729.0
008 260402s1921 fr ||||fr|||| 00| 0 fre d
040 _aEG-GiCUC
_bfre
_cEG-GiCUC
_dEG-GiCUC
_eRda
041 0 _afre
082 0 4 _221
_a341.511
_bMO . O
092 0 4 _221
099 _aLaw1 11 341.511 MO . O 1921
100 1 _aMorellet, Jean
_eAuteur
245 1 2 _aL'organisation de la cour permanente de justice internationale /
_cJean Morellet.
264 1 _aParis :
_bA. Pedone,
_c1921.
300 _a153 page ;
_c 24 cm.
336 _2rda contenu
_a texte
337 _2rda medias
_aOrdinateur
338 _2 transporteur rda
_a Ressource en ligne
546 _aTexte en français
650 1 4 _aTribunaux internationaux
650 1 4 _aDroit international public
856 4 0 _uhttps://fll.law.cu.edu.eg/fulltext/bks/B11-09054.pdf
905 _a30
942 _2ddc
_cBK
_e21
_n0
999 _c68426
_d68426